Top 200 girls names of 1960 (World) Quiz Stats

 Plays Quiz not verified by Sporcle

Also try: Miranda Rights
Challenge
Share
Tweet
Embed
Score 0/200 Timer 15:00
0 Plays Today
Rank Name % Correct
2Mary
95.1%
60Ann
93.8%
49Maria
91.9%
17Elizabeth
91.6%
95Anna
90.8%
80Anne
90.5%
92Jane
89.2%
56Catherine
88.6%
181Jo
88.1%
7Linda
87.8%
16Laura
87.5%
38Carol
87.3%
77Katherine
87%
163Sara
86.7%
1Lisa
86.2%
27Christine
86.2%
90Sarah
86.2%
110Joan
84.8%
20Jennifer
84.3%
72Christina
84.3%
115Marie
84.3%
53Margaret
83.5%
106Victoria
83.5%
21Barbara
81.8%
9Michelle
81.6%
18Julie
81.6%
6Patricia
81.3%
118Julia
81%
153Joann
80.8%
107Jean
80.5%
47Janet
79.7%
146Rachel
79.7%
8Donna
78.6%
36Diane
78.3%
11Sandra
78%
12Deborah
78%
63Diana
77.2%
123Joanne
77.2%
4Karen
77%
119Ellen
77%
35Amy
76.7%
54Paula
76.7%
136Helen
76.7%
41Rebecca
76.4%
45Stephanie
76.4%
130Rose
76.4%
33Melissa
75.9%
22Angela
75.6%
66Beth
75.6%
23Sharon
74.5%
26Nancy
73.7%
186Nicole
73.7%
57Carolyn
73.4%
88Kathryn
72.9%
43Kim
72.6%
199Amanda
72.6%
24Debra
72.1%
30Kelly
72.1%
32Kathleen
71.5%
5Kimberly
71.3%
31Tina
71.3%
144Alice
71.3%
74Lynn
71%
102Betty
71%
42Theresa
70.7%
65Suzanne
70.7%
14Pamela
70.2%
Rank Name % Correct
117Ruth
70.2%
151Frances
70.2%
99Judith
69.6%
200Pam
69.6%
25Teresa
69.4%
19Brenda
69.1%
48Wendy
69.1%
69Valerie
69.1%
78Judy
69.1%
179Vanessa
69.1%
46Cindy
68.6%
51Jacqueline
68.6%
52Debbie
68.3%
124Dorothy
67.8%
68Janice
67.2%
67Andrea
66.9%
10Cynthia
66.7%
133Veronica
66.4%
127Heather
66.1%
29Denise
65.3%
40Kathy
65.3%
39Tracy
65%
94Martha
65%
182Natalie
65%
109Melanie
64.8%
15Lori
64.5%
61Jill
62.9%
79Carla
62.9%
160Charlotte
62.9%
76Cathy
62.6%
168Evelyn
62.3%
73Gina
61.5%
86Monica
61.2%
132Carrie
61.2%
113Stacy
60.7%
126Rita
60.4%
129Holly
60.4%
98Tracey
59.3%
159Kristin
59.3%
87Bonnie
59.1%
158Sally
59.1%
103Stacey
58.8%
141Elaine
58.8%
169Alicia
58.8%
13Tammy
58.3%
55Sherry
57.7%
81Wanda
57.7%
143Marilyn
57.7%
71Leslie
57.5%
111Melinda
57.5%
198Patty
57.2%
193Kristen
56.9%
58Laurie
56.6%
101Gloria
56.6%
175Joy
56.6%
37Dawn
56.1%
116Maureen
55.6%
97Vicki
55.3%
194Audrey
55%
108Peggy
54.7%
125Gail
54.7%
192Doris
54.7%
50Michele
54.5%
62Connie
54.5%
82Dana
54.5%
167Sandy
54.5%
75Annette
54.2%
Rank Name % Correct
105Shirley
54.2%
162Jeanne
54.2%
83Joyce
53.9%
85Beverly
53.9%
114Virginia
53.9%
140Terry
53.9%
148Jackie
53.4%
64Terri
52.8%
172Jeanette
52.8%
176Sue
52.8%
121Shannon
52.6%
149Jamie
52.3%
91Darlene
51.8%
44Rhonda
51.5%
154Eileen
51.5%
59Sheila
51.2%
152Crystal
51.2%
89Anita
50.9%
165Tanya
50.9%
164Belinda
50.4%
191Marcia
49.6%
137Sylvia
48.8%
122Heidi
48.5%
134Yvonne
48.2%
178Roberta
48.2%
93Sherri
48%
96Colleen
48%
70Renee
47.4%
139April
47.2%
157Charlene
47.2%
34Robin
46.6%
100Tamara
46.3%
120Tonya
46.1%
161Kristine
45.3%
177Norma
45%
171Lorraine
44.7%
112Shelly
43.6%
104Penny
43.4%
128Deanna
42.8%
131Vickie
42.8%
135Becky
42.5%
147Sheryl
42.5%
173Yvette
42.5%
150Phyllis
42%
155Shelley
41.5%
84Regina
39.8%
145Jodi
39.8%
196Jody
38.5%
142Sheri
37.9%
195Karla
37.7%
156Toni
37.1%
174Loretta
37.1%
138Yolanda
36.6%
166Carmen
36.6%
170Sonya
35.8%
184Traci
35.8%
185Gwendolyn
35.5%
197Glenda
35.5%
188Melody
34.7%
3Suan
31.2%
187Felicia
31.2%
180Shari
30.9%
183Tammie
26.8%
189Shelia
26%
190Tami
25.7%
28Cheyl
22.8%

You're not logged in!

Compare scores with friends on all Sporcle quizzes.
OR
Log In

You Might Also Like...

Show Comments

Extras

Created Feb 5, 2011ReportNominate
Tags:World Quiz, 1960, 200, girl, Top 200

Top Quizzes Today


Score Distribution

Your Account Isn't Verified!

In order to create a playlist on Sporcle, you need to verify the email address you used during registration. Go to your Sporcle Settings to finish the process.

Report this User

Report this user for behavior that violates our Community Guidelines.

Details: